BIBLIOTECA

SENCICO

Manual de iluminación / (Registro nro. 1318)

Detalles MARC
000 -LEADER
fixed length control field 01137nam a2200253Ia 4500
003 - CONTROL NUMBER IDENTIFIER
control field PE SENCICO BE
005 - DATE AND TIME OF LATEST TRANSACTION
control field 20260219153648.0
008 - FIXED-LENGTH DATA ELEMENTS--GENERAL INFORMATION
fixed length control field 200515s9999 xx 000 0 und d
040 ## - CATALOGING SOURCE
Original cataloging agency PE SENCICO BE
Transcribing agency PE SENCICO BE
041 ## - LANGUAGE CODE
Language code of text/sound track or separate title spa
082 ## - DEWEY DECIMAL CLASSIFICATION NUMBER
Classification number 628.972/J74
110 1# - MAIN ENTRY--CORPORATE NAME
Corporate name or jurisdiction name as entry element Manufacturas Metálicas JOSFEL
245 10 - TITLE STATEMENT
Title Manual de iluminación /
Statement of responsibility, etc. Manufacturas Metálicas Josfel
250 ## - EDITION STATEMENT
Edition statement [1a ed.]
260 ## - PUBLICATION, DISTRIBUTION, ETC.
Place of publication, distribution, etc. Lima :
Name of publisher, distributor, etc. Manufacturas Metálicas JOSFEL ;
Date of publication, distribution, etc. 1994
300 ## - PHYSICAL DESCRIPTION
Extent 405 páginas :
Other physical details ilustraciones, tablas, gráficos, fotografías ;
Dimensions 20 cm.
504 ## - BIBLIOGRAPHY, ETC. NOTE
Bibliography, etc. note Bibliografía: p. 401
505 0# - FORMATTED CONTENTS NOTE
Formatted contents note Física de la luz -- Luz y visión -- El color -- Magnitudes luminosas fundamentales: unidades y medidas. Leyes fundamentales de la luminotecnia -- Fuentes de luz artificial: lámparas -- Equipos auxiliares -- Fotometría -- Luminarias -- Luminarias interior -- Alumbrado público -- Iluminación con proyectores (reflectores) -- Iluminación de seguridad
650 10 - SUBJECT ADDED ENTRY--TOPICAL TERM
Topical term or geographic name entry element Iluminación
9 (RLIN) 328
650 20 - SUBJECT ADDED ENTRY--TOPICAL TERM
Topical term or geographic name entry element Luminotecnia
9 (RLIN) 329
650 20 - SUBJECT ADDED ENTRY--TOPICAL TERM
Topical term or geographic name entry element Fotometría
9 (RLIN) 330
650 20 - SUBJECT ADDED ENTRY--TOPICAL TERM
Topical term or geographic name entry element Iluminación eléctrica
9 (RLIN) 331
942 ## - ADDED ENTRY ELEMENTS (KOHA)
Koha item type Libros
Source of classification or shelving scheme Dewey Decimal Classification
Existencias
Fecha de la última vez que lo usaron Número de ingreso o de inventario Pago total Signatura topográfica completa Código de barras Precio efectivo desde Tipo de documento Estado perdido Sistema de clasificación Estado dañado No es para préstamo Retirado Ubicación permanente Ubicación actual Fecha de adquisición
27/11/2025     621.32/M2 BibZareq25112597 27/11/2025 Libros   Dewey Decimal Classification       Biblioteca Arequipa Biblioteca Arequipa 27/11/2025
15/05/2020 12108   621.32/M2 BibLima25112596 15/05/2020 Libros   Dewey Decimal Classification       Biblioteca Central Lima Biblioteca Central Lima 15/05/2020